Úkolově orientovaný přístup v sociální práci

Saved in:
Bibliographic Details
Main Author: Špiláčková, Marie
Other Authors: Nedomová, Eva
Format: Book
Language:Czech
Published: Praha Portál 2014
Subjects:
Tags: Add Tag
No Tags, Be the first to tag this record!

MARC

LEADER 00000nam a2200000 4500
001 0204603
005 20230109115014.7
020 |a 978-80-262-0726-9 
041 0 |a cze 
044 |a CZ 
245 1 0 |a Úkolově orientovaný přístup v sociální práci  |c Marie Špiláčková, Eva Nedomová 
264 1 |a Praha  |b Portál  |c 2014 
300 |a 183 s. 
610 2 0 |a práca sociálna 
610 2 0 |a metódy 
610 2 0 |a vývoj 
610 2 0 |a história 
610 2 0 |a pojmy 
610 2 0 |a Česko 
100 1 |a Špiláčková, Marie 
700 1 |a Nedomová, Eva